000 00327nam a2200157Ia 4500
100 _aStallings/ William
250 _a2
942 _cRB
654 _aComputer
245 _aSNMP SNMPV2 2nd RMON
260 _bAddison Wesley Pub
_aNONE
_c1996
082 _a4.62
_bSTA
300 _a478
546 _aENGLISH
999 _c31456
_d31456